000 01182nam a2200313 a 4500
003 BLK
005 20250128005515.0
008 230327b bu |||||r|||| 00| | bu d
020 _a9786190111894
040 _aBLK
041 _aBUL
_cBUL
080 _aОбща теория на държавата. Теория (философия) на властта. Вж и 323.2 ; 342.1 ; 343.2
_b321.01
_z321.01
100 _aТодоров, Калин Станков
_eпърви автор
_91299
139 _aТодоров, Калин Станков
_bТ 64
245 _aВрява и безумство без капка смисъл
_cКалин Тодоров
260 _9210881
_aСофия
_bИзток-Запад
_c2023
300 _a102 с.
_c20 см
380 _a3
650 0 _aБългария - вътрешна политика
_9241559
650 7 _9150918
_aВласт
653 7 _9197797
_aсъвременност
653 7 _9194051
_aполитика
852 _bЦб
_cЦб 319971
856 _i0.00
_ldisable
942 _2udc
_cKNG
_n0
_s1
_032
944 _aCR
_c2023-03-27
_k
_lCRON CRON
944 _aED
_kМ.Я.
999 _c490319
_d490319
999 _d490319